000 00773nam a2200229 a 4500
001 000016944
003 DO-SdBNP
005 20230206102656.0
007 ta
008 100312s1974 dr b 000 0 spa d
040 _aDO-SdBNP
_bspa
_cBNPHU
082 _axxx
_bJ82e
_222
100 1 _aJorge Morel, Elercia
_937457
245 1 0 _aEstudio linguistico de Santo Domingo :
_bAportación a la geografía lingüistica del Caribe e hispano América /
_cElercia Jorge Morel; prólogo Manuel Álvarez Nazario.
260 _aSanto Domingo :
_bTaller,
_c1974.
300 _a217 p. :
_bmap. ;
_c24 cm.
504 _aIncluye bibliografías [p. 213-217]
590 _aInventariado, 2023 / DG
700 1 _aÁlvarez Nazario, Manuel
_epról.
_919994
910 _aDG
942 _2ddc
_cLBS1
999 _c16476
_d16476